G20 Member Nations - Statistics

General Stats
  • This quiz has been taken 101 times
    65 since last reset
  • The average score is 18 of 19
Answers on the Map
Answers color-coded by a green-red scale on the quiz's map according to % correct below.
 
Answer Stats
Hint Hint Nominal GDP ($) Answer % Correct
143 66 1,529,224 Canada
100%
693.3 140.0 4,938,644 Japan
100%
577 52 1,522,000 Russia
100%
153 129 18,569,100 United States
100%
683.0 342.0 1,258,978 Australia
98%
266 294 1,798,622 Brazil
98%
615.0 140.9 11,218,281 China
98%
556 185.9 2,256,397 India
98%
234.0 373.0 545,124 Argentina
96%
151.0 182.0 1,046,002 Mexico
96%
460.3 130.6 857,429 Turkey
96%
377 86 2,629,188 United Kingdom
96%
431 365 294,132 South Africa
94%
669 139 1,411,246 South Korea
94%
386 105 2,463,222 France
92%
404.0 89.9 3,466,639 Germany
92%
635.5 264 932,448 Indonesia
92%
416 124.2 1,850,735 Italy
92%
482.1 179.9 639,617 Saudi Arabia
92%
No matching quizzes found
Score Distribution
Percent of People with Each Score
Percentile by Number Answered
Your Score History
You have not taken this quiz since the last reset